| Tag |
First Indicator |
Second Indicator |
Subfields |
| LEADER |
00000cam a2200000 a 4500 |
| 001 |
in00000819421 |
| 005 |
20151018123142.0 |
| 008 |
811220s1980 akuabf b f00000 eng d |
| 010 |
|
|
|a gp 82015479
|
| 035 |
|
|
|a (OCoLC)08011746
|
| 035 |
|
|
|9 ADX4426AM
|
| 040 |
|
|
|a UDA
|c UDA
|d GPO
|d UtOrBLW
|
| 043 |
|
|
|a n-us-ak
|
| 074 |
|
|
|a 82-A-1
|
| 086 |
0 |
|
|a A 13.103:110
|
| 090 |
|
|
|a S599.A4
|b K463
|
| 245 |
0 |
0 |
|a Soil resource inventory of the Kenai Peninsula, Chugach National Forest, Alaska, 1980 /
|c by Arlene Davis [and others].
|
| 264 |
|
1 |
|a [Juneau, Alaska?] :
|b U.S. Dept. of Agriculture, Forest Service,
|c 1980.
|
| 300 |
|
|
|a vii, 148 pages, 29 folded pages of plates :
|b illustrations, maps ;
|c 28 cm.
|
| 336 |
|
|
|a text
|b txt
|2 rdacontent
|
| 337 |
|
|
|a unmediated
|b n
|2 rdamedia
|
| 338 |
|
|
|a volume
|b nc
|2 rdacarrier
|
| 490 |
1 |
|
|a Alaska Region report ;
|v no. 110
|
| 504 |
|
|
|a Includes bibliographical references.
|
| 650 |
|
0 |
|a Soils
|z Alaska
|z Chugach National Forest.
|
| 650 |
|
0 |
|a Landforms
|z Alaska
|z Chugach National Forest.
|
| 700 |
1 |
|
|a Davis, Arlene.
|
| 710 |
1 |
|
|a United States.
|b Forest Service.
|
| 830 |
|
0 |
|a Alaska Region report ;
|v no. 110.
|
| 999 |
|
|
|a MARS
|
| 999 |
f |
f |
|s e73b1880-07ac-3614-90b4-f85499b6b0cf
|i 1c65a17e-d0b2-33ca-a572-0687eca02a9f
|t 0
|
| 952 |
f |
f |
|p normal
|a Texas A&M University
|b College Station
|c Sterling C. Evans Library
|d Evans: US Documents (Annex 5th floor)
|t 0
|e A 13.103:110
|h Superintendent of Documents classification
|i unmediated -- volume
|m A14816838191
|
| 998 |
f |
f |
|a A 13.103:110
|t 0
|l Evans: US Documents (Annex 5th floor)
|